Numbers in a Random Order - Speed Typing - Statistics

General Stats
  • This quiz has been taken 528 times
  • The average score is 36 of 50
Answer Stats
Hint Answer % Correct
56 56
79%
54 54
78%
6 6
78%
55 55
77%
77 77
77%
9 9
77%
35 35
76%
37 37
76%
71 71
76%
81 81
76%
26 26
75%
30 30
75%
94 94
75%
10 10
74%
16 16
74%
19 19
74%
24 24
74%
46 46
74%
5 5
74%
85 85
74%
18 18
73%
2 2
73%
25 25
73%
3 3
73%
40 40
73%
45 45
73%
50 50
73%
59 59
73%
61 61
73%
8 8
73%
88 88
73%
29 29
72%
43 43
72%
44 44
72%
48 48
72%
49 49
72%
64 64
72%
86 86
72%
87 87
72%
90 90
72%
93 93
72%
39 39
71%
58 58
71%
7 7
71%
84 84
71%
89 89
71%
92 92
71%
12 12
70%
23 23
70%
38 38
70%
42 42
70%
51 51
70%
60 60
70%
70 70
70%
1 1
69%
100 100
69%
14 14
69%
36 36
69%
57 57
69%
65 65
69%
68 68
69%
73 73
69%
83 83
69%
99 99
69%
22 22
68%
4 4
68%
47 47
68%
62 62
68%
63 63
68%
72 72
68%
75 75
68%
78 78
68%
15 15
67%
17 17
67%
21 21
67%
34 34
67%
41 41
67%
52 52
67%
74 74
67%
82 82
67%
11 11
66%
13 13
66%
20 20
66%
32 32
66%
33 33
66%
53 53
66%
66 66
66%
69 69
66%
76 76
66%
91 91
66%
95 95
66%
28 28
65%
79 79
65%
97 97
65%
67 67
64%
27 27
63%
96 96
63%
31 31
61%
80 80
61%
98 98
61%
No matching quizzes found
Score Distribution
Percent of People with Each Score
Percentile by Number Answered
Your Score History
You have not taken this quiz